[Event "AUTO-OPEN-298"]
[Site "http://www.queenalice.com/game.php?id=78123"]
[Date "2006.6.19"]
[Round "1"]
[White "LuFarias"]
[Black "dtrainey"]
[Result "0-1"]
[WhiteElo "1056"]
[BlackElo "1400"]

1. e3 e5 2. Qf3 d5 3. Nh3 h6 4. Nc3 Nf6 5. d4 e4 6. Qf4 a6 7. Na4 Qd6 8. b3 b5
9. Nc5 Qxf4 10. exf4 Bxh3 11. gxh3 Nfd7 12. h4 Bxc5 13. dxc5 Nxc5 14. Bb2 f6 15.
Rd1 c6 16. Rg1 Nbd7 17. b4 Na4 18. Ba1 O-O 19. h5 Ndb6 20. f3 e3 21. Bd3 c5 22.
Rb1 c4 23. Bf5 Rfe8 0-1

[Event "AUTO-OPEN-298"]
[Site "http://www.queenalice.com/game.php?id=78144"]
[Date "2006.6.19"]
[Round "1"]
[White "davividal"]
[Black "LuFarias"]
[Result "1-0"]
[WhiteElo "995"]
[BlackElo "1052"]

1. e4 e5 2. Nf3 Nh6 3. Bc4 Nc6 4. d3 Ng4 5. Ng5 Qf6 6. Qxg4 Bb4+ 7. c3 Be7 8.
Bxf7+ Kf8 9. Bb3 Bc5 10. O-O h6 11. Nh3 d5 12. Qh5 Be6 13. exd5 Bf7 14. Qe2 g5
15. dxc6 Qxc6 16. Bxf7 Kxf7 17. Qh5+ Kg8 18. Nd2 Rf8 19. Ne4 Rf5 20. Nxc5 1-0

[Event "AUTO-OPEN-298"]
[Site "http://www.queenalice.com/game.php?id=78145"]
[Date "2006.6.19"]
[Round "1"]
[White "LuFarias"]
[Black "davividal"]
[Result "0-1"]
[WhiteElo "1100"]
[BlackElo "1637"]

1. e4 d5 2. Nh3 Bxh3 3. gxh3 dxe4 4. Bc4 Nf6 5. Nc3 Qd7 6. b3 Qxh3 7. Ba3 Nc6 8.
Nb5 O-O-O 9. Bxf7 Qg2 10. Rf1 a6 11. Nc3 Nd4 12. Bc4 Nf3+ 13. Ke2 Nh5 14. Nxe4
Nd4+ 15. Ke1 Qxe4+ 16. Be2 Nf3# 0-1

[Event "AUTO-OPEN-299"]
[Site "http://www.queenalice.com/game.php?id=78466"]
[Date "2006.6.20"]
[Round "1"]
[White "LuFarias"]
[Black "PlatinumRook"]
[Result "0-1"]
[WhiteElo "1100"]
[BlackElo "1500"]

1. e4 c5 2. Nc3 Nc6 3. Qf3 Nd4 4. Qf4 Nxc2+ 5. Kd1 Nxa1 6. Bc4 e6 7. Nh3 Qf6 8.
d3 Qxf4 9. Nxf4 a6 10. Re1 b5 11. Bb3 Nxb3 12. axb3 Bb7 13. h4 Nf6 14. e5 Ng4
15. f3 Nh6 16. Rf1 Be7 17. Nce2 O-O 18. Ng3 Bxh4 19. Ngh5 Nf5 20. g4 Nd4 21. Rh1
Bxf3+ 22. Kd2 Bxh1 23. Ne2 Bg5+ 24. Nef4 g6 25. Ng3 Bxf4+ 26. Kd1 Bxg3 27. Bh6
Bf3+ 28. Kd2 Rfc8 29. Ke3 Bxe5 30. Kf2 c4 31. bxc4 bxc4 32. dxc4 Rxc4 33. Bd2
Rc2 34. Ke3 Bf4+ 35. Kxf4 Rxd2 36. Kg3 Rxb2 37. g5 a5 38. Kh3 a4 39. Kh4 Nf5+
40. Kh3 Rb1 41. Kh2 Rh1# 0-1

[Event "AUTO-OPEN-299"]
[Site "http://www.queenalice.com/game.php?id=78467"]
[Date "2006.6.20"]
[Round "1"]
[White "PlatinumRook"]
[Black "LuFarias"]
[Result "1-0"]
[WhiteElo "1500"]
[BlackElo "1100"]

1. e4 e5 2. Nf3 Nh6 3. d4 Qf6 4. Bxh6 gxh6 5. Nxe5 d6 6. Nf3 h5 7. c4 Nc6 8. Nc3
Bg4 9. Qd3 Bh6 10. Nd5 Qf4 11. Nxf4 Bxf4 12. Be2 Nb4 13. Qb3 Nc6 14. Qxb7 Rb8
15. Qxc6+ Ke7 16. Qxc7+ Bd7 17. O-O Rhg8 18. c5 Rxb2 19. c6 Rxe2 20. Qxd7+ Kf6
21. Rac1 Bxc1 22. Rxc1 Rb2 23. c7 Rxa2 24. Qd8+ Kg7 25. Qxg8+ Kxg8 26. c8=Q+ Kg7
27. Ng5 a5 28. Qf5 Rb2 29. Qxf7+ Kh6 30. Qf6# 1-0

[Event "AUTO-OPEN-299"]
[Site "http://www.queenalice.com/game.php?id=78468"]
[Date "2006.6.20"]
[Round "1"]
[White "LuFarias"]
[Black "csadler"]
[Result "0-1"]
[WhiteElo "1056"]
[BlackElo "1776"]

1. e4 c6 2. Qf3 d5 3. Nh3 dxe4 4. Qf4 Nf6 5. Ng5 h6 6. Nxf7 Kxf7 7. Bc4+ Be6 8.
Bb3 Bxb3 9. cxb3 g5 10. Qe3 Qb6 11. d4 exd3 12. Qxd3 Na6 13. a3 Rd8 14. Qc2 Bg7
15. Nc3 Qd4 16. Ne2 Qd3 17. Qxd3 Rxd3 18. O-O Rhd8 19. Be3 Rxb3 20. Bc1 Ne4 0-1

[Event "AUTO-OPEN-299"]
[Site "http://www.queenalice.com/game.php?id=78469"]
[Date "2006.6.20"]
[Round "1"]
[White "csadler"]
[Black "LuFarias"]
[Result "1-0"]
[WhiteElo "1667"]
[BlackElo "1100"]

1. d4 c6 2. e4 Nf6 3. e5 Ne4 4. Bd3 Nxf2 5. Kxf2 e6 6. Nf3 a6 7. Rf1 f6 8. Kg1
g6 9. exf6 Qxf6 10. Ne5 c5 11. Rxf6 Be7 12. Rxg6 Nc6 13. Nxc6 dxc6 14. Rg7 Bf8
15. Qh5+ Kd8 16. Bg5+ Be7 17. Rxe7 e5 18. Rxb7# 1-0

[Event "Challenge"]
[Site "http://www.queenalice.com/game.php?id=78489"]
[Date "2006.6.20"]
[Round "-"]
[White "LuFarias"]
[Black "rico"]
[Result "0-1"]
[WhiteElo "1081"]
[BlackElo "1257"]

1. e4 Nf6 2. Nc3 e5 3. Nf3 Bc5 4. d4 Bxd4 5. Bc4 Ng4 6. Rf1 Qf6 7. b3 Bxc3+ 8.
Bd2 Bxa1 9. Qxa1 d5 10. exd5 e4 11. Nd4 c5 12. c3 cxd4 13. cxd4 Na6 14. h3 e3
15. fxe3 Qh4+ 16. Kd1 Nf2+ 17. Kc2 Bf5+ 18. Kb2 Nd3+ 19. Ka3 g6 20. e4 Qxe4 21.
Bb5+ Bd7 22. Ba4 Qxg2 23. h4 Qxd2 24. Rd1 Qe3 25. Qc3 Qf3 26. Rxd3 Rc8 27. Qd2
Qxd5 28. Re3+ Kd8 29. Qe2 Qxd4 30. b4 Nxb4 31. Re4 Qd3+ 32. Bb3 Qxe2 33. Rxe2
Na6 34. Bxf7 Rf8 35. Bd5 Nc5 36. Kb2 h5 37. a3 Nd3+ 38. Kb3 Nc1+ 0-1

[Event "AUTO-OPEN-300"]
[Site "http://www.queenalice.com/game.php?id=78597"]
[Date "2006.6.20"]
[Round "1"]
[White "Santista35"]
[Black "LuFarias"]
[Result "1-0"]
[WhiteElo "1772"]
[BlackElo "1056"]

1. d4 e6 2. a3 Nh6 3. Bxh6 gxh6 4. Nc3 Qf6 5. Nf3 d6 6. e3 Nc6 7. Bb5 a6 8.
Bxc6+ bxc6 9. Qd3 Qg7 10. O-O Rg8 11. g3 1-0

[Event "AUTO-OPEN-300"]
[Site "http://www.queenalice.com/game.php?id=78598"]
[Date "2006.6.20"]
[Round "1"]
[White "LuFarias"]
[Black "Santista35"]
[Result "0-1"]
[WhiteElo "1056"]
[BlackElo "1770"]

1. e3 d5 2. Nh3 Bxh3 3. gxh3 e6 4. Qf3 a6 5. Nc3 Qf6 6. Bg2 Qxf3 7. Bxf3 Nf6 8.
Rg1 Nc6 9. a3 O-O-O 10. Rg3 g6 0-1

[Event "Challenge"]
[Site "http://www.queenalice.com/game.php?id=78721"]
[Date "2006.6.21"]
[Round "-"]
[White "LuFarias"]
[Black "king28"]
[Result "0-1"]
[WhiteElo "1052"]
[BlackElo "1500"]

1. e3 d5 2. Nh3 e5 3. Ng5 Qxg5 4. Nc3 e4 5. f3 exf3 6. gxf3 Qh4+ 7. Ke2 d4 8.
Nd5 Bd6 9. Bg2 c6 10. Nf4 Bxf4 0-1

[Event "Challenge"]
[Site "http://www.queenalice.com/game.php?id=78722"]
[Date "2006.6.21"]
[Round "-"]
[White "LuFarias"]
[Black "king28"]
[Result "0-1"]
[WhiteElo "1052"]
[BlackElo "1500"]

1. e3 e5 2. Qf3 d5 3. Bb5+ c6 4. Bd3 e4 5. Bxe4 dxe4 6. Qxe4+ Be7 7. Nf3 Nf6 8.
Qd3 Qxd3 9. cxd3 Bg4 10. Ne5 Bd6 11. Nc4 Bc7 0-1